Agustín Ibarrola : pintures : Vilagrassa : Centre Experimental de les Arts : maig, juny i juliol de 2013 : Parc del Garraf pintures :
MARC
| LEADER | 00000nam a2200000Ia 4500 | ||
|---|---|---|---|
| 001 | 24043 | ||
| 003 | BGR | ||
| 005 | 20260324180603.0 | ||
| 008 | 160829s2013 xx 000 0 cat d | ||
| 080 | |a FU-64-14 | ||
| 245 | |a Agustín Ibarrola : |b pintures : |b Vilagrassa : |b Centre Experimental de les Arts : |b maig, juny i juliol de 2013 : |b Parc del Garraf | ||
| 260 | |a Barcelona : |b Diputació de Barcelona. Àrea de Territori i Sostenibilitat. Gerència de Serveis d’Espais Naturals, |c 2013 | ||
| 300 | |a 15 p. : |b il. ; |c 21 cm | ||
| 590 | |a Programa de mà de la inaguració del l’exposició, al diumenge 26 de maig, al Celler Caves Montau de Sadurní (Begues) | ||
| 650 | |a Ibarrola, Agustín |x Exposicions |9 49344 | ||
| 710 | 1 | |a Barcelona (Catalunya : Província). |b Gerència de Serveis d’Espais Naturals |9 52730 | |
| 710 | 2 | |a Brancal d'Art (Firma) |9 70702 | |
| 710 | 1 | |a Begues (Catalunya). |b Ajuntament |9 55242 | |
| 710 | 2 | |a Vallgrassa, Centre Experimental de les Arts |9 56131 | |
| 901 | |a Arxiu | ||
| 942 | |n 1 |2 udc |c MON | ||
| 952 | |0 0 |1 0 |4 0 |6 FU6414 |7 1 |9 55276 |a Arxiu |b Arxiu |d 2016-12-01 |l 0 |o FU-64-14 |p 24043 |r 2016-12-01 00:00:00 |w 2016-12-01 |y ARXIU | ||
| 999 | |c 59149 |d 59149 | ||